[Event "COL-ch Amateur"]
[Site "San Andres Islas"]
[Date "2013.03.14"]
[Round "4"]
[White "Vergara, Saulo"]
[Black "Nieves Torres, Esteffany"]
[Result "0-1"]
[WhiteElo "1605"]
[BlackElo "1591"]
[PlyCount "32"]
[EventDate "2013.03.13"]
[EventType "swiss"]
[EventRounds "9"]
[EventCountry "COL"]
[SourceTitle "CBM 153 Extra"]
[Source "ChessBase"]
[SourceDate "2013.04.22"]
[SourceVersion "1"]
[SourceVersionDate "2013.04.22"]
[SourceQuality "1"]

1. e4 g6 2. Bc4 Nf6 3. Nc3 d6 4. Nf3 Bg4 5. h3 Bxf3 6. Qxf3 Bg7 7. d4 0-0 8. e5 dxe5 9. dxe5 Ne8 10. Qxb7 Nd7 11. e6 Nd6 12. exf7+ Kh8 13. Qb4 Rb8 14. Qa4 Nb6 15. Qc6 Ndxc4 16. h4 Rxf7 0-1